000
00289nam a2200121Ia 4500
008
230303s9999 xx 000 0 und d
041
_a
eng
082
_a
621.3121 RAM
100
_a
RAM(BADRI)
245
_a
POWER SYSTEM PROTECTION AND SWITCHGEAR
260
_a
CHENNAI
_b
MGH
365
_c
RS
999
_c
221427
_d
221427